| 000 | 00385nam a2200169Ia 4500 | ||
|---|---|---|---|
| 999 |
_c46052 _d46052 |
||
| 003 | 0100 | ||
| 005 | 20170504111515.0 | ||
| 008 | 130303s9999 xx 000 0 und d | ||
| 040 | _cARRUPELIB | ||
| 050 | _aDT471.C64 1961 | ||
| 100 |
_aConton, W.F. _930506 |
||
| 245 | _aWest Africa in History | ||
| 245 | _bBefore 1800 | ||
| 260 |
_bGeorge Allen and Unwin _aLondon _c1961 |
||
| 300 | _a174p. | ||
| 650 |
_aAfrica, West _xHistory _930507 |
||
| 942 |
_2lcc _cMONOGRAPH |
||